000 00451nam a2200205Ia 4500
001 12775
003 GE_BSU
008 181216s||||||||xx |||||||||||||| ||und||
020 _a074931088x.
040 _cGE_BSU
080 _a821.111-32
100 _aForbes,Brayan.
245 4 _aThe Twisted Playground.
260 _aLondon.
260 _bMandarin.
260 _c1993
300 _a289p;18cm.
653 _aThe Twisted Playground.
942 _cBK
999 _c45946
_d45946